Sudden Death - Oblivion NPCs - Statistics

General Stats
  • This quiz has been taken 51 times
  • The average score is 9 of 16
Answers on the Grid
Answers color-coded by a green-red scale on the quiz's grid according to % correct below.
S'krivva
Adoring Fan
Baurus
Alduin
Helseth Hlaalu
Mazoga the Orc
Dagoth Ur
Jauffre
Vivec
Agronak gro-Malog
Uriel Septim
Brother Martin
Lysandus
Miraak
Corvus Umbranox
Brisienna Magnessen
Gothryd
Nazeem
Glenroy
Crassius Curio
Glarthir
Captain Renault
Azura
Lord Woodborne
Hannibal Traven
Haskill
Trebonius Artorius
Cicero
Ulfric Stormcloak
Caius Cosades
Lucien Lachance
Raminus Polus
 
Answer Stats
Answer % Correct
Adoring Fan
89%
Baurus
78%
Jauffre
78%
Brother Martin
69%
S'krivva
64%
Uriel Septim
64%
Agronak gro-Malog
53%
Mazoga the Orc
53%
Lucien Lachance
50%
Captain Renault
42%
Glenroy
42%
Raminus Polus
42%
Haskill
39%
Glarthir
36%
Hannibal Traven
36%
Corvus Umbranox
25%
No matching quizzes found
Score Distribution
Percent of People with Each Score
Percentile by Number Answered
Your Score History
You have not taken this quiz